000 00441nam a2200181Ia 4500
008 230711s9999||||xx |||||||||||||| ||und||
020 _a978-0-07-463736-4
041 _aENG
082 _a621.381
_bMI-M
100 _aMillman Jacob
245 0 _aMicroelectronics
250 _a2nd Ed.
260 _c2011
_aNew Delhi
_bTata McGraw Hill Education Limited
300 _a1001p.
650 _aPhysics
700 _aGrabel, Arvin
942 _cBK
999 _c5779
_d5779